[Event "Titled Tue 20th May Early"]
[Site "chess.com INT"]
[Date "2025.05.20"]
[Round "8"]
[White "Matinian, Nikita"]
[Black "Vakhidov, Jakhongir"]
[Result "1-0"]
[WhiteTitle "GM"]
[BlackTitle "GM"]
[WhiteElo "2420"]
[BlackElo "2546"]
[WhiteFideId "24129100"]
[BlackFideId "14201801"]
[EventDate "2025.05.20"]

1. e4 c5 2. Nf3 g6 3. Bc4 d6 4. d4 cxd4 5. Qxd4 Nf6 6. Bg5 Nc6 7. Bb5 Bg7 8. e5
Nd7 9. Qh4 h6 10. Bd2 Ndxe5 11. Nxe5 dxe5 12. Nc3 Qd4 13. Qxd4 exd4 14. Nd5 Be5
15. O-O-O Be6 16. Nf4 Bd7 17. Rhe1 Bd6 18. Nd5 Kf8 19. Bf4 Bxf4+ 20. Nxf4 Rd8
21. Re4 g5 22. Nh5 f5 23. Re2 Be8 24. Ng3 f4 25. Nf5 Rd5 26. Bxc6 Rxf5 27. Bxe8
Kxe8 28. Rxd4 Rf6 29. Rde4 Rh7 30. c4 Rd6 31. Kc2 Kd7 32. Kc3 b6 33. b4 Rf7 34.
f3 Rg7 35. a4 Rd1 36. Rd4+ Rxd4 37. Kxd4 Rg6 38. Re5 e6 39. c5 Rf6 40. b5 Rf8
41. c6+ Kd6 42. Re2 Rf5 43. Rd2 Rc5 44. Ke4+ Ke7 45. Kd3 Rd5+ 46. Kc3 Rc5+ 47.
Kd3 a6 48. Rc2 Rd5+ 49. Ke4 Kd8 50. bxa6 Kc7 51. a7 Ra5 52. Kd4 Rxa7 53. Ke5
Rxa4 54. Kxe6 b5 55. Kf6 b4 56. Kg6 b3 57. Rb2 Rb4 58. Kxh6 Kxc6 59. Kxg5 Kc5
60. h4 Kc4 61. h5 Kc3 62. Rb1 Kc2 63. Rg1 b2 64. h6 b1=Q 65. Rxb1 Rxb1 66. Kxf4
Kd3 67. g4 Kd4 68. g5 Kd5 69. g6 Rb4+ 70. Kg5 Rb1 71. h7 Rh1 72. Kf6 1-0

[Event "Titled Tue 20th May Early"]
[Site "chess.com INT"]
[Date "2025.05.20"]
[Round "8"]
[White "Jovic, Stanoje"]
[Black "Avramidou, Anastasia"]
[Result "0-1"]
[WhiteTitle "FM"]
[BlackTitle "FM"]
[WhiteElo "2096"]
[BlackElo "2294"]
[WhiteFideId "905020"]
[BlackFideId "4239873"]
[EventDate "2025.05.20"]

1. c4 Nf6 2. g3 g6 3. Bg2 Bg7 4. Nc3 O-O 5. Nf3 c5 6. O-O Nc6 7. d4 cxd4 8. Nxd4
Nxd4 9. Qxd4 d6 10. Bg5 a6 11. Qd2 Rb8 12. a4 Be6 13. b3 Re8 14. Rfd1 Qa5 15.
Bxf6 exf6 16. Nd5 Qc5 17. Rac1 f5 18. b4 Qc8 19. Nb6 Qc7 20. a5 Bf8 21. h4 Qe7
22. Bf3 Rbd8 23. Kg2 Bg7 24. Rh1 h5 25. e3 Qc7 26. Rhd1 Bf6 27. Bd5 Kg7 28. Qe2
f4 29. Qf3 fxg3 30. Qxg3 Qe7 31. Rh1 Be5 32. f4 Bf6 33. Rce1 Bg4 34. Bf3 Bxf3+
35. Qxf3 Qe4 36. Qxe4 Rxe4 37. Kf3 Rde8 38. Rh2 Bc3 39. Ree2 Bxb4 40. f5 Bc5 41.
Nd5 Rxc4 42. f6+ Kh7 43. Rb2 Rb8 44. Rhc2 Rxc2 45. Rxc2 g5 46. hxg5 Kg6 47. Rg2
Kf5 48. Nf4 h4 49. Nh5 h3 50. Ng7+ Ke5 51. Rh2 Rh8 52. Kg4 d5 53. Rxh3 Rxh3 54.
Kxh3 Bxe3 55. Kg4 d4 56. Nf5 Bc1 57. Ne7 d3 58. Kf3 Bxg5 59. Nc8 Bxf6 60. Nb6
Bg5 61. Nc4+ Kd4 62. Nd6 Kc3 63. Nxf7 d2 64. Nxg5 d1=Q+ 65. Kf4 Qd2+ 66. Kf5
Qxg5+ 67. Kxg5 Kb4 0-1

[Event "Titled Tue 20th May Early"]
[Site "chess.com INT"]
[Date "2025.05.20"]
[Round "8"]
[White "Tahmasebi, Hamidreza"]
[Black "Bespalov, Elisei"]
[Result "0-1"]
[WhiteTitle "FM"]
[WhiteElo "2298"]
[BlackElo "2303"]
[WhiteFideId "12537527"]
[BlackFideId "34251928"]
[EventDate "2025.05.20"]

1. e4 d5 2. exd5 Nf6 3. d4 Bg4 4. f3 Bf5 5. c4 e6 6. dxe6 Nc6 7. Be3 Bb4+ 8. Nc3
Qe7 9. d5 O-O-O 10. Qa4 Nxd5 11. cxd5 Qh4+ 12. Ke2 Nd4+ 13. Bxd4 Qxd4 14. Rd1
Qe5+ 15. Ne4 Bxe4 16. Qxb4 Bc2+ 17. Kf2 Bxd1 18. Bc4 fxe6 19. Ne2 Bxe2 20. Bxe2
Qxd5 21. Rd1 Qe5 22. Rc1 Qd4+ 23. Qxd4 Rxd4 24. Ke3 Rhd8 25. Rc2 R4d6 26. f4 h6
27. b3 c6 28. g3 Kc7 29. Bc4 Re8 30. Ke4 Rd1 31. Re2 Rd5 32. Kf3 Rd6 33. h4 b5
34. Kg4 bxc4 35. bxc4 Rd4 36. Kh5 Rxc4 37. Kg6 Rc3 38. g4 Rf3 39. Re4 Kd6 40. f5
Kd5 41. Re1 e5 42. Kxg7 Rf4 43. Rg1 e4 44. f6 Re6 45. g5 hxg5 46. hxg5 e3 47. f7
Re7 48. g6 Ke6 49. Kg8 Rfxf7 50. gxf7 Rxf7 51. Rg3 Rf2 52. Rxe3+ Kd5 53. Ra3 c5
54. Rxa7 c4 55. a4 c3 56. Rc7 Kd4 57. a5 Ra2 58. Rd7+ Kc4 59. Rc7+ Kd3 60. Rd7+
Ke3 61. Rc7 Kd2 62. Rc5 c2 63. Rd5+ Kc3 64. Rc5+ Kb2 65. Rb5+ Kc1 66. Rc5 Kb1
67. Rb5+ Rb2 68. Rc5 c1=Q 69. Rxc1+ Kxc1 0-1

[Event "Titled Tue 20th May Early"]
[Site "chess.com INT"]
[Date "2025.05.20"]
[Round "8"]
[White "Ilinca, Felix-Antonio"]
[Black "Le, Quang Liem"]
[Result "0-1"]
[WhiteTitle "IM"]
[BlackTitle "GM"]
[WhiteElo "2420"]
[BlackElo "2729"]
[WhiteFideId "54764998"]
[BlackFideId "12401137"]
[EventDate "2025.05.20"]

1. d4 Nf6 2. Nc3 d5 3. Bf4 c5 4. e3 cxd4 5. exd4 a6 6. Nf3 Nc6 7. Ne5 Bd7 8. Ne2
e6 9. c3 Nxe5 10. Bxe5 Qb6 11. Qb3 Qc6 12. Nf4 Ne4 13. Nd3 f6 14. Bf4 Bd6 15.
Bxd6 Nxd6 16. Be2 O-O 17. O-O Nc4 18. Rad1 b6 19. Rfe1 Qc7 20. Bf3 a5 21. Qc2
Rac8 22. g3 Rfe8 23. Re2 Nd6 24. Rde1 Nf7 25. Nf4 Qd6 26. Qd3 b5 27. b3 b4 28.
c4 dxc4 29. bxc4 Qa6 30. Rc1 e5 31. Nd5 Be6 32. Be4 Kh8 33. Rec2 exd4 34. Qxd4
Ne5 35. Bg2 Red8 36. h4 Qd6 37. Rd1 Qc5 38. Qf4 h6 39. Re1 Bf7 40. Nxf6 Rd4 41.
Qxe5 Qxe5 42. Rxe5 gxf6 43. Rxa5 Rcxc4 44. Rxc4 Bxc4 45. Ra4 Bf7 46. Ra7 Kg8 47.
Bf3 Rd2 48. Rb7 Rb2 49. Be4 Bxa2 50. g4 Bc4 51. Rc7 Be6 52. Rc6 Kf7 53. Bf5 Bxf5
54. gxf5 Ke7 55. Rb6 h5 56. Kg2 Rb3 57. f3 Rb1 58. Kh2 b3 59. Kg2 b2 60. Kh2 Kd7
61. Kg2 Kc7 62. Rb3 Kd6 63. Rb8 Ke5 64. Rb5+ Kf4 65. Rb4+ Kxf5 66. Kh2 Ke5 67.
Kg2 Kd5 68. Kh2 Kc5 69. Rb8 Kd4 70. Rb4+ Ke3 71. Rb3+ Kf2 72. f4 f5 73. Rb8 Kf3
74. Rb4 Kg4 75. Rb5 Kxf4 76. Rb4+ Ke5 77. Rb5+ Kd6 78. Rb4 f4 79. Rb3 f3 0-1

[Event "Titled Tue 20th May Early"]
[Site "chess.com INT"]
[Date "2025.05.20"]
[Round "8"]
[White "Sarveshwaran V"]
[Black "Javakhadze, Zurab"]
[Result "0-1"]
[WhiteTitle "CM"]
[BlackTitle "IM"]
[WhiteElo "2290"]
[BlackElo "2412"]
[WhiteFideId "25699016"]
[BlackFideId "13603647"]
[EventDate "2025.05.20"]

1. e4 c5 2. Nf3 d6 3. d4 cxd4 4. Nxd4 Nf6 5. Nc3 g6 6. Be2 Bg7 7. Be3 Nc6 8. Nb3
a6 9. a4 Be6 10. Nd4 Nxd4 11. Bxd4 Rc8 12. O-O O-O 13. f4 Bc4 14. Bd3 Nd7 15.
Bxg7 Kxg7 16. Kh1 Qb6 17. Rb1 e6 18. f5 Ne5 19. f6+ Kh8 20. Qd2 Bxd3 21. cxd3
Qd4 22. Rbd1 Rg8 23. Qg5 Nd7 24. Ne2 Qe5 25. Qd2 d5 26. exd5 Qxd5 27. Nc3 Qh5
28. d4 Nb6 29. Rf3 g5 30. d5 Nxd5 31. Nxd5 Rcd8 32. Rd3 Rxd5 33. Rxd5 exd5 34.
Qxd5 Qg6 35. Rf1 b6 36. Qd4 b5 37. axb5 axb5 38. b4 g4 39. Qe3 Qg5 40. Qxg5 Rxg5
41. Re1 h5 42. Rc1 Rf5 43. g3 Kh7 44. Rc5 Kg6 45. Kg2 Kxf6 46. Rc6+ Ke5 47. Rc5+
Ke4 48. Rc7 Ke3 49. Rd7 Rf2+ 50. Kg1 Rb2 51. Re7+ Kd3 52. Re5 Rxb4 53. Rxh5 Rb2
54. Rf5 b4 55. Rxf7 b3 56. Rd7+ Kc3 57. Rc7+ Kd2 58. Rd7+ Kc1 59. Rd4 Rc2 60.
Rxg4 b2 61. Rb4 b1=Q 62. Rxb1+ Kxb1 63. h4 Kb2 64. h5 Kc3 65. g4 Kd4 66. g5 Ke5
67. h6 Kf5 68. h7 Rc8 69. g6 Kxg6 70. Kg2 Kxh7 71. Kg3 Rf8 72. Kg4 Kg6 73. Kh4
Rf5 74. Kh3 Kg5 75. Kg3 Rf4 76. Kg2 Kg4 77. Kh2 Rf2+ 78. Kh1 Kg3 79. Kg1 Rf3 80.
Kh1 Rf1# 0-1

[Event "Titled Tue 20th May Early"]
[Site "chess.com INT"]
[Date "2025.05.20"]
[Round "8"]
[White "Li, Hui"]
[Black "Viskelis, Darius"]
[Result "0-1"]
[WhiteTitle "CM"]
[BlackTitle "FM"]
[WhiteElo "2041"]
[BlackElo "2165"]
[WhiteFideId "15400310"]
[BlackFideId "12800830"]
[EventDate "2025.05.20"]

1. e4 e5 2. Nf3 Nf6 3. Nxe5 d6 4. Nf3 Nxe4 5. d4 d5 6. Bd3 Bd6 7. O-O O-O 8. c4
c6 9. Qc2 Bf5 10. Nc3 Na6 11. a3 Re8 12. Re1 Bg6 13. Nxe4 dxe4 14. Bxe4 Qc7 15.
Bd2 Bf4 16. Bxg6 hxg6 17. g3 Bxd2 18. Qxd2 Qd6 19. Qf4 Qxf4 20. gxf4 f6 21. Kf1
Kf7 22. Rxe8 Rxe8 23. Re1 Rh8 24. b4 Nc7 25. Kg2 Ne6 26. Kg3 Rd8 27. Rd1 a6 28.
Rd2 b5 29. cxb5 axb5 30. Rc2 Rd6 31. Kg4 Nc7 32. f5 Nd5 33. fxg6+ Kxg6 34. Kg3
Kf5 35. h3 Ke4 36. Re2+ Kd3 37. Re8 f5 38. Nh4 f4+ 39. Kf3 Rh6 40. Kg4 Nf6+ 41.
Kg5 Nxe8 42. Nf5 Rxh3 43. Kg6 Rf3 44. Kf7 Nc7 45. Nxg7 Rxf2 46. Ke7 f3 47. Kd6
Nd5 48. Kxc6 Rc2+ 49. Kxd5 f2 50. Ne6 f1=Q 51. Nc5+ Rxc5+ 52. dxc5 Qf5+ 53. Kd6
Qf6+ 54. Kc7 Kc4 55. c6 Kd5 56. Kb6 Qxc6+ 57. Ka5 Qc4 58. a4 bxa4 59. Kxa4 Qa2+
60. Kb5 Kd6 61. Kb6 Kd7 62. b5 Kc8 63. Kc5 Kb7 64. Kb4 Qb2+ 65. Kc5 Qb3 66. Kd6
Qb4+ 67. Ke6 Qxb5 68. Kd6 Qb6+ 69. Kd5 Qc6+ 70. Ke5 Kb6 71. Kd4 Qd6+ 72. Kc4 Kc6
73. Kc3 Qf4 74. Kd3 Kc5 75. Kc3 Qe3+ 76. Kc2 Kc4 77. Kd1 Qf2 0-1

[Event "Titled Tue 20th May Early"]
[Site "chess.com INT"]
[Date "2025.05.20"]
[Round "8"]
[White "Kshatriya, Nitin Vekhande"]
[Black "Pribelszky, Bence"]
[Result "1/2-1/2"]
[WhiteTitle "FM"]
[BlackTitle "IM"]
[WhiteElo "2255"]
[BlackElo "2400"]
[WhiteFideId "45075530"]
[BlackFideId "769738"]
[EventDate "2025.05.20"]

1. e4 c6 2. d4 d5 3. exd5 cxd5 4. Bd3 Nc6 5. c3 Nf6 6. Bf4 Bg4 7. Qb3 Qc8 8. Nd2
e6 9. Ngf3 Be7 10. O-O O-O 11. Rae1 a6 12. Ne5 Nxe5 13. dxe5 Nd7 14. Qc2 g6 15.
Nb3 Kh8 16. Qd2 Rg8 17. Nd4 Nc5 18. b4 Nxd3 19. Qxd3 Bf5 20. Qd2 Qc4 21. Bg5
Bxg5 22. Qxg5 Bd3 23. Qf6+ Rg7 24. h4 Qxc3 25. Nf3 Qxb4 26. Ng5 Qf8 27. f4 Bxf1
28. Rxf1 h6 29. h5 hxg5 30. h6 Kg8 31. hxg7 Qxg7 32. Qxg5 Rc8 33. Qe7 Qf8 34.
Qxb7 Rc2 35. Rf3 Qc5+ 36. Kh2 Qc4 37. Qb8+ Kg7 38. Qd8 Rc3 39. Qf6+ Kg8 40. Qd8+
Kg7 41. Qf6+ Kg8 42. Rxc3 Qxc3 43. Qd8+ Kh7 44. Qf6 Qc7 45. Qh4+ Kg8 46. Qf6 Qd7
47. Kg3 d4 48. Kh4 d3 49. Kg5 Qe8 50. f5 exf5 51. Qd6 Qe6 52. Qd8+ Kg7 53. Qxd3
Qxe5 54. Kh4 f4 55. Qf3 Qh5+ 56. Qxh5 gxh5 57. Kxh5 Kf6 58. Kg4 Ke5 59. Kg5 Ke4
60. a4 Ke3 61. Kg4 a5 62. Kf5 Kf2 63. Kxf4 Kxg2 64. Kf5 Kf3 65. Kf6 Ke4 66. Kxf7
Kd4 67. Ke6 Kc4 68. Ke5 Kb4 69. Kd4 Kxa4 70. Kc3 Ka3 71. Kc2 Ka2 72. Kc3 Ka3 73.
Kc2 Ka2 74. Kc1 a4 75. Kc2 Ka1 76. Kc1 a3 77. Kc2 Ka2 78. Kc1 Ka1 79. Kc2 Ka2
80. Kc1 Kb3 81. Kb1 Kc3 82. Ka1 Kb4 83. Ka2 Ka4 84. Ka1 Kb3 85. Kb1 Kc3 86. Ka1
Kb4 87. Kb1 Kc4 88. Ka1 Kb3 89. Kb1 1/2-1/2

[Event "Titled Tue 20th May Early"]
[Site "chess.com INT"]
[Date "2025.05.20"]
[Round "8"]
[White "Jaiveer, Mahendru"]
[Black "Toncheva, Nadya"]
[Result "1/2-1/2"]
[WhiteTitle "FM"]
[BlackTitle "FM"]
[WhiteElo "2230"]
[BlackElo "2332"]
[WhiteFideId "25611151"]
[BlackFideId "2924056"]
[EventDate "2025.05.20"]

1. d4 d5 2. c4 dxc4 3. e3 e5 4. Bxc4 exd4 5. exd4 Bd6 6. Nf3 Nf6 7. O-O O-O 8.
Nc3 h6 9. h3 Nc6 10. Re1 Bf5 11. Be3 a6 12. d5 Ne7 13. Nd4 Bg6 14. Qf3 Qd7 15.
Bxh6 Bh5 16. g4 Nxg4 17. hxg4 Bxg4 18. Qe3 gxh6 19. Qxh6 Ng6 20. Ne6 fxe6 21.
dxe6 Qh7 22. e7+ Kh8 23. exf8=Q+ Rxf8 24. Qxh7+ Kxh7 25. Ne4 Bf4 26. Be2 Bf5 27.
Ng3 Bd7 28. Bd3 Kg7 29. Be4 c6 30. Nh5+ Kh6 31. Nxf4 Nxf4 32. f3 Rg8+ 33. Kf2
Rg2+ 34. Ke3 Nh5 35. Re2 Rg5 36. Rd1 Be6 37. Rh2 Kg7 38. Rd6 Kf7 39. a3 Rb5 40.
Rdd2 Nf6 41. Rdg2 a5 42. Kf4 Ke7 43. Rg7+ Kd6 44. Rd2+ Nd5+ 45. Bxd5 Bxd5 46.
Rg6+ Kc5 47. Kg4 Rb3 48. f4 Bf3+ 49. Kg5 b5 50. Rg7 Be4 51. Kf6 Rf3 52. Ke5 Bd5
53. Rc2+ Kb6 54. f5 Re3+ 55. Kd6 b4 56. axb4 axb4 57. f6 Rf3 58. Ke7 Re3+ 59.
Kf8 Rf3 60. f7 c5 61. Re2 c4 62. Ke8 Bxf7+ 63. Rxf7 Rxf7 64. Kxf7 Kc5 65. Ke6
Kd4 66. Rd2+ Ke3 67. Rd1 c3 68. bxc3 bxc3 69. Kd5 c2 70. Rh1 Kd2 71. Rh2+ Kd1
72. Kd4 c1=Q 73. Rh1+ Kc2 74. Rxc1+ Kxc1 1/2-1/2

[Event "Titled Tue 20th May Early"]
[Site "chess.com INT"]
[Date "2025.05.20"]
[Round "8"]
[White "Khazhatuly, Alikhan"]
[Black "Lisenkov, Svyatoslav"]
[Result "0-1"]
[WhiteTitle "CM"]
[BlackTitle "CM"]
[WhiteElo "2196"]
[BlackElo "2241"]
[WhiteFideId "13731335"]
[BlackFideId "34264183"]
[EventDate "2025.05.20"]

1. e4 c5 2. d4 cxd4 3. c3 Nf6 4. e5 Nd5 5. cxd4 d6 6. Nf3 e6 7. Bc4 Nb6 8. Bd3
dxe5 9. dxe5 Bb4+ 10. Nc3 Bxc3+ 11. bxc3 N8d7 12. Ba3 Qc7 13. O-O Nxe5 14. Nxe5
Qxe5 15. Re1 Qc7 16. Qg4 Qxc3 17. Bb5+ Bd7 18. Rxe6+ fxe6 19. Qxe6+ Kd8 20. Qe7+
Kc7 21. Rc1 Qxc1+ 22. Bxc1 Rae8 23. Bf4+ Kc8 24. Qd6 Re1+ 25. Bf1 Kd8 26. Qb8+
Nc8 27. Qxb7 Rhe8 28. Bg5+ Ne7 29. Qb8+ Bc8 30. Qd6+ Bd7 31. Qb8+ Bc8 32. Qxa7
Re6 33. Qa5+ Kd7 34. Bb5+ Nc6 35. Qd2+ Rd6 36. Bxc6+ Kxc6 37. Qc2+ Kb7 38. Be3
Be6 39. Qb2+ Kc7 40. Qxg7+ Rd7 41. Qc3+ Kd8 42. h3 Ke7 43. Bg5+ Kd6 44. Qb4+ Kc6
45. Be3 Rd1+ 46. Kh2 Rd5 47. Qb6+ Kd7 48. Qb7+ Kd6 49. Qxh7 Re7 50. Bf4+ Kd7 51.
Qh4 Rf7 52. Qg3 Rdf5 53. Be3 Bxa2 54. Qg4 Be6 55. Qd4+ Rd5 56. Qa7+ Ke8 57. Qb8+
Ke7 58. Qc7+ Kf6 59. Qc3+ Kg6 60. h4 Rh5 61. Qc2+ Bf5 62. Qc6+ Kh7 63. g3 Bg6
64. Qe6 Rhf5 65. Qd6 R5f6 66. Qe5 Rf5 67. Qc3 Rf3 68. Kg2 Be4 69. Kh3 Bf5+ 70.
Kh2 Be4 71. Qe5 Bg6 72. h5 Bf5 73. Kg2 Bg4 74. Qe4+ R3f5 75. Qc2 Kh8 76. h6 Kh7
77. Kh2 Bf3 78. Qc3 Rh5+ 79. Kg1 Rh1# 0-1

[Event "Titled Tue 20th May Early"]
[Site "chess.com INT"]
[Date "2025.05.20"]
[Round "8"]
[White "Roberson, Peter T"]
[Black "Shuvalova, Polina"]
[Result "1-0"]
[WhiteTitle "IM"]
[BlackTitle "IM"]
[WhiteElo "2440"]
[BlackElo "2494"]
[WhiteFideId "412384"]
[BlackFideId "24171760"]
[EventDate "2025.05.20"]

1. d4 Nf6 2. Nf3 d5 3. e3 e6 4. Bd3 b6 5. O-O Bb7 6. b3 Be7 7. Bb2 O-O 8. Nbd2
Nbd7 9. Qe2 Ne4 10. c4 Ndf6 11. Rac1 c5 12. cxd5 exd5 13. dxc5 bxc5 14. Rfd1 Qa5
15. a3 Rfd8 16. Ne5 Rac8 17. Nxe4 Nxe4 18. Qg4 Nf6 19. Qg3 Qb6 20. Bf5 Rc7 21.
Rd3 a5 22. Rcd1 Ba6 23. R3d2 Bc8 24. Bc2 Be6 25. f4 a4 26. bxa4 Rcc8 27. f5 Bd7
28. Bc3 Be8 29. a5 Qc7 30. Nf3 Qa7 31. Bxf6 Bxf6 32. Rxd5 Rxd5 33. Rxd5 Qxa5 34.
e4 Qc3 35. e5 Be7 36. f6 Bf8 37. Bxh7+ Kh8 38. Qh4 Qc1+ 39. Kf2 Qh6 40. Qxh6
gxh6 41. Bf5 Ra8 42. Bd7 Bxd7 43. Rxd7 Kg8 44. e6 fxe6 45. Ne5 c4 46. Nxc4 Rc8
47. Ne5 Bxa3 48. Rg7+ Kf8 49. Ng6+ Ke8 50. f7+ Kd8 51. f8=Q+ Bxf8 52. Nxf8 Rc2+
53. Kf3 e5 54. Ne6+ Ke8 55. Rh7 Rc6 56. Nc7+ Kf8 57. Nd5 Kg8 58. Rc7 Rd6 59. Ne3
Rd4 60. g3 h5 61. Nf5 Rd1 62. Ke4 Re1+ 63. Kd5 Re2 64. h4 e4 65. Re7 Rd2+ 66.
Kxe4 Re2+ 67. Kf4 Rf2+ 68. Kg5 Ra2 69. Kxh5 Kf8 70. Rb7 Ra5 71. g4 Kg8 72. Kg6
Ra6+ 73. Kg5 Ra5 74. h5 Ra6 75. Rd7 Kh8 76. Rd6 Ra5 77. Kh6 Ra8 78. g5 Rf8 79.
Re6 Rg8 80. Nd6 Rf8 81. Re8 Rxe8 82. Nxe8 Kg8 83. Nd6 Kh8 84. Nc4 Kg8 85. Ne3
Kh8 86. g6 Kg8 87. Kg5 Kh8 88. Kf6 Kg8 89. g7 Kh7 90. Kf7 Kh6 91. g8=Q Kxh5 92.
Qg7 Kh4 93. Qg4# 1-0

[Event "Titled Tue 20th May Early"]
[Site "chess.com INT"]
[Date "2025.05.20"]
[Round "9"]
[White "Ternault, Mathieu"]
[Black "Lyutsinger, Iren"]
[Result "1-0"]
[WhiteTitle "FM"]
[BlackTitle "FM"]
[WhiteElo "2273"]
[BlackElo "2266"]
[WhiteFideId "20641532"]
[BlackFideId "34425969"]
[EventDate "2025.05.20"]

1. d4 Nf6 2. Nf3 e6 3. g3 d5 4. Bg2 c5 5. c4 cxd4 6. cxd5 Nc6 7. dxc6 Bc5 8. O-O
O-O 9. Nbd2 Bb6 10. Nb3 bxc6 11. Nfxd4 Bxd4 12. Qxd4 Qc7 13. Bf4 1-0

[Event "Titled Tue 20th May Early"]
[Site "chess.com INT"]
[Date "2025.05.20"]
[Round "9"]
[White "Andrade, Ivan"]
[Black "Khafizova, Diana"]
[Result "1-0"]
[WhiteTitle "FM"]
[BlackTitle "WFM"]
[WhiteElo "2161"]
[BlackElo "2073"]
[WhiteFideId "14800039"]
[BlackFideId "34378049"]
[EventDate "2025.05.20"]

1. e4 e6 2. d4 d5 3. Nc3 Nf6 4. e5 Nfd7 5. Nce2 c5 6. c3 Nc6 7. Nf3 Be7 8. a3
O-O 9. Nf4 a5 10. h4 Qb6 11. g3 Re8 12. Bd3 f6 13. Bxh7+ Kxh7 14. Ng5+ fxg5 15.
hxg5+ Kg8 16. Qh5 Rf8 17. g6 1-0

[Event "Titled Tue 20th May Early"]
[Site "chess.com INT"]
[Date "2025.05.20"]
[Round "9"]
[White "Skytte, Robert"]
[Black "Bashirli, Saadat"]
[Result "0-1"]
[BlackTitle "WCM"]
[WhiteElo "2007"]
[BlackElo "1941"]
[WhiteFideId "1471775"]
[BlackFideId "13429990"]
[EventDate "2025.05.20"]

1. e4 c5 2. Nf3 Nc6 3. d4 cxd4 4. Nxd4 g6 5. c4 Nf6 6. Nc3 Nxd4 7. Qxd4 d6 8.
Be3 Bg7 9. f3 O-O 10. Qd2 Be6 11. O-O-O a5 12. Nb5 a4 13. Bh6 Qa5 14. Bxg7 Qxd2+
15. Rxd2 Kxg7 16. Nc7 Rac8 17. Nxe6+ fxe6 18. Kb1 Rc5 19. b3 axb3 20. axb3 Ra8
21. b4 Rc6 22. b5 Rc5 23. Be2 d5 24. e5 Nd7 25. f4 Nb6 26. cxd5 Nxd5 27. Bf3
Rxb5+ 28. Kc2 Ra2+ 29. Kd3 Rb3+ 30. Ke2 Re3+ 31. Kd1 Ra1+ 32. Kc2 Rxh1 33. Bxd5
exd5 34. Rxd5 Rxh2 0-1

[Event "Titled Tue 20th May Early"]
[Site "chess.com INT"]
[Date "2025.05.20"]
[Round "9"]
[White "Ruiz Aguilar, Pablo Alexander"]
[Black "Ndirangu, Nyaruai, Joyce"]
[Result "1-0"]
[WhiteTitle "FM"]
[BlackTitle "WCM"]
[WhiteElo "2141"]
[BlackElo "1933"]
[WhiteFideId "4401352"]
[BlackFideId "10802886"]
[EventDate "2025.05.20"]

1. e4 c5 2. Nf3 Nc6 3. d4 cxd4 4. Nxd4 g6 5. Nc3 Bg7 6. Be3 d6 7. Bc4 Bd7 8. Bb3
Nf6 9. f3 O-O 10. Qd2 a6 11. O-O-O b5 12. Qf2 Rc8 13. Nxc6 Rxc6 14. h4 Qc7 15.
Nd5 Nxd5 16. exd5 Rxc2+ 17. Qxc2 Qxc2+ 18. Bxc2 Rc8 19. Kb1 a5 20. g4 b4 21. h5
a4 22. hxg6 hxg6 23. Bd4 b3 24. axb3 axb3 25. Bxb3 Rb8 26. Bxg7 Kxg7 27. Bc4 Ba4
28. Rd3 Rb4 29. b3 Bd7 30. Kb2 1-0

[Event "Titled Tue 20th May Early"]
[Site "chess.com INT"]
[Date "2025.05.20"]
[Round "9"]
[White "Bruhovich, Olexandr"]
[Black "Napoli, Nicolo"]
[Result "0-1"]
[WhiteTitle "CM"]
[BlackTitle "FM"]
[WhiteElo "2208"]
[BlackElo "2245"]
[WhiteFideId "14119919"]
[BlackFideId "813702"]
[EventDate "2025.05.20"]

1. e4 c5 2. c3 Qa5 3. Nf3 Nc6 4. Na3 e6 5. Nc4 Qc7 6. Ne3 Nf6 7. Qc2 d5 8. exd5
Nxd5 9. Bc4 Nb6 10. Bb5 Be7 11. d4 O-O 12. dxc5 Bxc5 13. O-O Ne5 14. Nxe5 Qxe5
15. Kh1 Bxe3 16. Bd3 Bxc1 0-1

[Event "Titled Tue 20th May Early"]
[Site "chess.com INT"]
[Date "2025.05.20"]
[Round "9"]
[White "Marchesich, Giovanni"]
[Black "Shafer, Logan C"]
[Result "0-1"]
[WhiteTitle "CM"]
[BlackTitle "CM"]
[WhiteElo "2219"]
[BlackElo "2291"]
[WhiteFideId "2824790"]
[BlackFideId "30993342"]
[EventDate "2025.05.20"]

1. Nf3 d5 2. g3 g6 3. Bg2 Bg7 4. d4 Nf6 5. O-O c6 6. a4 a5 7. Ne5 O-O 8. Nc3
Nfd7 9. Bf4 Na6 10. e4 Nxe5 11. Bxe5 Bxe5 12. dxe5 d4 13. Ne2 c5 14. f4 Bg4 15.
h3 Bxe2 16. Qxe2 Nb4 17. Rad1 Qc7 18. Qc4 Rfd8 19. c3 Nc2 20. e6 Ne3 21. exf7+
Kf8 22. Qe6 Nxd1 23. Rxd1 dxc3 24. Rxd8+ Rxd8 25. bxc3 Qd6 26. Qg4 Qd1+ 27. Qxd1
Rxd1+ 28. Kf2 Kxf7 29. e5 b6 30. c4 Rc1 31. Ke3 Rc3+ 32. Kf2 e6 33. g4 Rxc4 34.
f5 gxf5 35. gxf5 Rf4+ 0-1

[Event "Titled Tue 20th May Early"]
[Site "chess.com INT"]
[Date "2025.05.20"]
[Round "9"]
[White "Fiskaaen, Martin Holten"]
[Black "Mohammadi, Melika"]
[Result "0-1"]
[WhiteTitle "FM"]
[BlackTitle "WFM"]
[WhiteElo "2292"]
[BlackElo "2205"]
[WhiteFideId "1550233"]
[BlackFideId "42529271"]
[EventDate "2025.05.20"]

1. d4 Nf6 2. Nf3 d5 3. Bf4 c5 4. e3 Nc6 5. Nbd2 Bg4 6. c3 e6 7. Bb5 Bd6 8. dxc5
Bxf4 9. exf4 O-O 10. Qa4 Rc8 11. O-O Bxf3 12. Nxf3 Ne4 13. Rac1 Nxc5 14. Qd1 Qb6
15. Qe2 a6 16. Bxc6 Rxc6 17. Nd4 Rcc8 18. f5 e5 19. Qxe5 Nd3 20. Qxd5 Nxc1 21.
Rxc1 Rfd8 22. Qb3 Qxd4 23. f6 Qxf6 24. Qxb7 Rb8 25. Qxa6 Qxa6 0-1

[Event "Titled Tue 20th May Early"]
[Site "chess.com INT"]
[Date "2025.05.20"]
[Round "9"]
[White "Maiorov, Nikita1"]
[Black "Garcia Garcia, Adrian Antonio"]
[Result "0-1"]
[WhiteTitle "GM"]
[BlackTitle "CM"]
[WhiteElo "2472"]
[BlackElo "2157"]
[WhiteFideId "13501720"]
[BlackFideId "2206587"]
[EventDate "2025.05.20"]

1. e4 e5 2. Nf3 d6 3. Bc4 a6 4. d4 exd4 5. Nxd4 Nf6 6. Nc3 b5 7. Bd3 Be7 8. O-O
O-O 9. h3 c5 10. Nf3 Bb7 11. Nd5 Nxd5 12. exd5 Bf6 13. c3 Re8 14. Bf4 Qc7 15.
Rc1 Nd7 16. b3 Ne5 17. Nxe5 Bxe5 18. Bxe5 Rxe5 19. c4 b4 20. f4 Re3 21. Rf3 Rae8
22. Qd2 Rxf3 23. gxf3 Qe7 24. Be4 Qh4 25. Kh2 Bc8 26. Qg2 Qxf4+ 27. Qg3 Qxc1 28.
Qxd6 Qd2+ 29. Kg3 h5 30. Qc6 h4+ 31. Kxh4 Qf2+ 32. Kh5 Re5+ 33. Bf5 Rxf5+ 34.
Kg4 Qxf3+ 35. Kh4 Rh5# 0-1

[Event "Titled Tue 20th May Early"]
[Site "chess.com INT"]
[Date "2025.05.20"]
[Round "9"]
[White "Dyulgerov, Volen"]
[Black "Perry, Patrick"]
[Result "1-0"]
[WhiteTitle "CM"]
[WhiteElo "2200"]
[BlackElo "2296"]
[WhiteFideId "2918978"]
[BlackFideId "30917727"]
[EventDate "2025.05.20"]

1. e4 Nf6 2. e5 Nd5 3. c4 Nb6 4. a4 d5 5. c5 Nc4 6. d4 Bf5 7. b3 Na5 8. g4 Bg6
9. b4 Nc4 10. Bxc4 dxc4 11. d5 Be4 12. Nc3 Bxh1 13. f3 e6 14. d6 cxd6 15. cxd6
Nc6 16. Bf4 Nxb4 17. Nb5 Nd3+ 18. Kf1 Nxf4 19. Nc7+ Kd7 20. Qd4 Nd5 21. Nxd5
exd5 22. Qxd5 Qb6 23. Qxf7+ Kd8 24. Rd1 c3 25. e6 c2 26. Qd7# 1-0